| 000 | 00649nam a22001577a 4500 | ||
|---|---|---|---|
| 020 | _a978-81-291-3952-8 | ||
| 082 |
_a823 _bDOY/A |
||
| 100 | _aDAYLE, ARTHUR CONAN | ||
| 245 |
_aTHE ADVENTURE OF THE CREEPING MAN; THE ADVENTURE OF THE ILLUSTRIOUS CLIENT; THE ADVENTURE OF THE LION'S MANE; THE ADVENTURE OF THE MAZARIN STONE _bJUNIOR CLASSICS |
||
| 246 |
_aTHE ADVENTURE OF THE CREEPING MAN; THE ADVENTURE OF THE ILLUSTRIOUS CLIENT; THE ADVENTURE OF THE LION'S MANE; THE ADVENTURE OF THE MAZARIN STONE _bJUNIOR CLASSICS |
||
| 260 |
_aNEW DELHI _bRED TURTLE _c2016 |
||
| 300 | _a127 | ||
| 520 | _aCLASSIC STORY | ||
| 650 | _aCLASSIC STORY | ||
| 942 | _cBK | ||
| 999 |
_c3004 _d3004 |
||